6 Most Famous Cities in Liechtenstein on a Map - Statistics

General Stats
  • This quiz has been taken 139 times
  • The average score is 4 of 6
Answers on the Map
Answers color-coded by a green-red scale on the quiz's map according to % correct below.
 
Answer Stats
Wiki Monthly Views Cityquiz Mention Rate Population Answers % Correct
48.15K 25.75% 5.75K Vaduz
100%
14.83K 1.72% 6.03K Schaan
82%
2.68K 0.36% 5.38K Triesen
61%
3.77K 0.30% 2.62K Triesenberg
55%
3.62K 0.33% 4.66K Balzers
52%
2.83K 0.16% 1.10K Schellenberg
37%
No matching quizzes found
Score Distribution
Percent of People with Each Score
Percentile by Number Answered
Your Score History
You have not taken this quiz